| 000 | 00765nam a2200241 a 4500 | ||
|---|---|---|---|
| 001 | 9595 | ||
| 003 | CO-ViMGA | ||
| 008 | 141112s2004 ck r 000 u spa d | ||
| 040 |
_aCO-ViMGA _bspa _cCO-ViMGA |
||
| 082 | 0 | 4 | _a657.453 P454 |
| 100 | 1 |
_aPinilla, Jose Dagoberto _910974 |
|
| 245 | 1 | 0 |
_aAuditoria Informatica : _bAplicaciones en Producción |
| 260 |
_aSantafé de Bogotá : _bEcoe Ediciones, _c1997 |
||
| 300 | _a238p. | ||
| 590 | _aEjemplares : 2 | ||
| 650 | 1 | 4 |
_aAMBIENTES INFORMATICOS ESPECIALES _910975 |
| 650 | 1 | 4 |
_aAUDITORIA INFORMATICA _910976 |
| 650 | 1 | 4 |
_aCONTROL INTERNO INFORMATICO _910977 |
| 650 | 1 | 4 |
_aFRAUDE INFORMATICO _910978 |
| 650 | 1 | 4 |
_aPROCESO AUDITORIA _910979 |
| 650 | 1 | 4 |
_aTECNICOS DE AUDITORIA INFORMATICA _910980 |
| 942 |
_2ddc _cBK |
||
| 999 |
_c21074 _d21074 |
||